Broadening the Concept of Marketing (Record no. 5137)

MARC details
000 -CABECERA
campo de control de longitud fija 01399nam a22002777a 4500
003 - IDENTIFICADOR DEL NÚMERO DE CONTROL
campo de control OSt
005 - FECHA Y HORA DE LA ÚLTIMA TRANSACCIÓN
campo de control 20251103165259.0
008 - DATOS DE LONGITUD FIJA--INFORMACIÓN GENERAL
campo de control de longitud fija 250910b |||||||| |||| 00| 0 eng d
020 ## - NÚMERO INTERNACIONAL ESTÁNDAR DEL LIBRO
Número Internacional Estándar del Libro 0022-2429
040 ## - FUENTE DE LA CATALOGACIÓN
Centro catalogador/agencia de origen English
Centro/agencia transcriptor tbs
041 ## - CÓDIGO DE LENGUA
Código de lengua del texto/banda sonora o título independiente English
100 ## - ENTRADA PRINCIPAL--NOMBRE DE PERSONA
Nombre de persona Kotler, Philip
9 (RLIN) 1123
245 ## - MENCIÓN DE TÍTULO
Título Broadening the Concept of Marketing
Mención de responsabilidad, etc. / Philip Kotler and Kevin Lane Keller
260 ## - PUBLICACIÓN, DISTRIBUCIÓN, ETC.
Nombre del editor, distribuidor, etc. Journal of Marketing
Fecha de publicación, distribución, etc. 1969
362 ## - FECHAS DE PUBLICACIÓN Y/O DESIGNACIÓN SECUENCIAL
Fecha de publicación y/o designación secuencial Journal of Marketing. Jan1969, Vol. 33 Issue 1, p10-15. 6p. 2 Black and White Photographs
520 ## - SUMARIO, ETC.
Sumario, etc. Marketing is a pervasive societal activity that goes considerably beyond the selling of toothpaste, soap, and steel. The authors interpret the meaning of marketing for nonbusiness organizations and the nature of marketing functions such as product improvement, pricing, distribution, and communication in such organizations. The question considered is whether traditional marketing principles are transferable to the marketing of organizations, persons, and ideas.
653 ## - TÉRMINO DE INDIZACIÓN--NO CONTROLADO
Término no controlado Nonprofit organizations
653 ## - TÉRMINO DE INDIZACIÓN--NO CONTROLADO
Término no controlado Product management
653 ## - TÉRMINO DE INDIZACIÓN--NO CONTROLADO
Término no controlado Product quality
653 ## - TÉRMINO DE INDIZACIÓN--NO CONTROLADO
Término no controlado Physical distribution of goods
653 ## - TÉRMINO DE INDIZACIÓN--NO CONTROLADO
Término no controlado Organizational communication
653 ## - TÉRMINO DE INDIZACIÓN--NO CONTROLADO
Término no controlado Marketing & society
700 ## - ENTRADA AGREGADA--NOMBRE PERSONAL
Nombre de persona Levy, Sidney J.
9 (RLIN) 26403
856 ## - LOCALIZACIÓN Y ACCESO ELECTRÓNICOS
Identificador Uniforme del Recurso <a href="https://bibliotheque.tbs-education.fr/Default/doc/bth/5001255/broadening-the-concept-of-marketing">https://bibliotheque.tbs-education.fr/Default/doc/bth/5001255/broadening-the-concept-of-marketing</a>
942 ## - ELEMENTOS DE ENTRADA AGREGADA (KOHA)
Fuente del sistema de clasificación o colocación Clasificación de Library of Congress
Holdings
Estado de retiro Estado de pérdida Fuente del sistema de clasificación o colocación Estado dañado No para préstamo Biblioteca de origen Biblioteca actual Fecha de adquisición Total de préstamos Fecha visto por última vez Identificador Uniforme del Recurso Precio válido a partir de Tipo de ítem Koha
    Clasificación de Library of Congress     TBS Barcelona TBS Barcelona 03/11/2025   03/11/2025 https://bibliotheque.tbs-education.fr/Default/doc/bth/5001255/broadening-the-concept-of-marketing 03/11/2025 Academic Article

Powered by Koha